000 00348 a2200145 4500
001 193248
020 _a
040 _cMagnum
100 _aAfonso, Maria Lucia Miranda
240 1 0 _aA polemica sobre adolescencia e sexualidade
_lpor
245 1 0 _aA polemica sobre adolescencia e sexualidade
362 0 _a1899
697 _aGERAL
942 _cBK
999 _c193248
_d193248